000 00561nam a2200193Ia 4500
005 20250326143540.0
008 250326s9999 xx 000 0 und d
020 _a0-7506-4680-2
037 _aTextbook
040 _aFMSL
_beng
_cFMSL
041 _aeng
_2eng
084 _aL:14 P0
_qFMSL
100 _aJeynes J
_9748179
245 0 _aPractical health and safety management for small business
_cJeynes J
260 _aNew Delhi
_bNew Delhi, Butterworth Heinemann
_c2000
300 _axv,182
942 _cTB
_hL:14 P0
999 _c1300053
_d1300053